| 000 | 01380cam a22003374i 4500 | ||
|---|---|---|---|
| 003 | PE-LiUPU | ||
| 005 | 20260408095127.0 | ||
| 008 | 1995 enkab rb 001 0 eng d | ||
| 020 |
_a0851106579 _q(UK) |
||
| 020 |
_a0801010934 _q(USA) |
||
| 035 | _aPE-LiUPU44991 | ||
| 040 |
_aPE-LiUPU _beng _cPE-LiUPU _erda |
||
| 041 | 0 | _aeng | |
| 082 | 0 | 4 |
_a220.91 _bB611b _219 |
| 100 |
_aBimson, John J., _eeditor. _96582 |
||
| 245 | 1 | 0 |
_aBaker encyclopedia of Bible places : _btowns & cities, countries & states, archaeology & topography / _ceditado por John J. Bimson. |
| 264 | 1 |
_aLeicester, England : _bInter-Varsity Press ; _aGrand Rapids, Michigan : _bBaker Books, _c1995. |
|
| 300 |
_a319 páginas : _bilustraciones, mapas ; _c29 cm |
||
| 336 |
_atext _2rdacontent |
||
| 337 |
_aunmediated _2rdamedia |
||
| 338 |
_avolume _2rdacarrier |
||
| 500 | _aIncluye referencias bibliográficas e índice. | ||
| 505 | 0 | _aList of Bible places -- List of contributors -- The identification of biblical sites: sources and uncertainties -- A-Z of Bible places. | |
| 630 | 1 | 4 |
_aBiblia. _xGeografía _96583 _vEnciclopedias. |
| 630 | 0 |
_aBiblia. _xGeografía _vDiccionarios _96641 |
|
| 700 |
_aBimson, John J., _eeditor. _96582 |
||
| 710 |
_aInter-Varsity Press, _eeditor. _96584 |
||
| 710 |
_aBaker Books, _eeditor. _96401 |
||
| 942 |
_2ddc _cBK |
||
| 980 |
_818226 _gJaime Vilcazán Jefe de Análisis Documental |
||
| 999 |
_c21867 _d21867 |
||